សំណួរ-ចម្លើយភាសាខ្មែរថ្នាក់ទី ៤​ / (Record no. 8900)

MARC details
000 -LEADER
fixed length control field 00576nam a22001817a 4500
001 - CONTROL NUMBER
control field 8900
003 - CONTROL NUMBER IDENTIFIER
control field FISKH
005 - DATE AND TIME OF LATEST TRANSACTION
control field 20251030111224.0
008 - FIXED-LENGTH DATA ELEMENTS--GENERAL INFORMATION
fixed length control field 251030b cb ||||| |||| 00| 0 eng d
040 ## - CATALOGING SOURCE
Original cataloging agency FISKH
Language of cataloging khr
Transcribing agency FISKH
Modifying agency FISKH
050 ## - LIBRARY OF CONGRESS CALL NUMBER
Classification number PZ7
100 ## - MAIN ENTRY--PERSONAL NAME
Personal name Heang, Nhean
245 ## - TITLE STATEMENT
Title សំណួរ-ចម្លើយភាសាខ្មែរថ្នាក់ទី ៤​ /
Statement of responsibility, etc. រៀបរៀងដោយ ញ់ាន់ ហ៊ាង
260 ## - PUBLICATION, DISTRIBUTION, ETC.
Place of publication, distribution, etc. ភ្នំពេញ :
300 ## - PHYSICAL DESCRIPTION
Extent 156 pages :
Other physical details illustrations ;
Dimensions 14 cm .
942 ## - ADDED ENTRY ELEMENTS (KOHA)
Source of classification or shelving scheme Dewey Decimal Classification
Koha item type Khmer Books
Suppress in OPAC No
Holdings
Withdrawn status Lost status Source of classification or shelving scheme Damaged status Not for loan Collection Home library Current library Shelving location Date acquired Total Checkouts Full call number Barcode Date last seen Price effective from Koha item type
    Dewey Decimal Classification     Reference Footprints International School Library Network Toul Tom Poung Campus Footprints International School Library Network Toul Tom Poung Campus TTP Primary Khmer Bookshelves 10/30/2025   HEA PZ7 2025-4767 10/30/2025 10/30/2025 Khmer Books